Successful practices in GIS-based asset management
"TRB's National Cooperative Highway Research Program (NCHRP) Report 800: Successful Practices in GIS-Based Asset Management provides guidance for state transportation agencies on using geographic information system (GIS) technologies in transportation asset management (TAM)."--Publish...
Saved in:
| Main Author | |
|---|---|
| Corporate Authors | , , , , |
| Format | Electronic eBook |
| Language | English |
| Published |
Washington, D.C. :
Transportation Research Board,
2015.
|
| Series | Report (National Cooperative Highway Research Program) ;
800. |
| Subjects | |
| Online Access | Full text |
| ISBN | 9781523108961 1523108967 9780309308397 0309308399 |
| ISSN | 0077-5614 ; |
| Physical Description | 1 online resource (1 volume (various pagings)) : color illustrations, color maps |
Cover
| LEADER | 00000cam a2200000Mi 4500 | ||
|---|---|---|---|
| 001 | kn-ocn987025403 | ||
| 003 | OCoLC | ||
| 005 | 20240717213016.0 | ||
| 006 | m o d | ||
| 007 | cr cn||||||||| | ||
| 008 | 170509s2015 dcuab obt 000 0 eng d | ||
| 040 | |a COO |b eng |e pn |c COO |d VT2 |d KNOVL |d COF |d VLB |d STF |d MERER |d OCLCQ |d OCLCF |d ZCU |d OCLCA |d AU@ |d OCL |d OCLCQ |d UND |d OCLCO |d CUV |d OCLCQ |d OCLCO |d OCLCL | ||
| 020 | |a 9781523108961 |q (electronic bk.) | ||
| 020 | |a 1523108967 |q (electronic bk.) | ||
| 020 | |z 9780309308397 | ||
| 020 | |z 0309308399 | ||
| 035 | |a (OCoLC)987025403 |z (OCoLC)907678747 | ||
| 245 | 0 | 0 | |a Successful practices in GIS-based asset management / |c Spy Pond Partners, LLC in association with Transcend Spatial Solutions, LLC, James P. Hall. |
| 264 | 1 | |a Washington, D.C. : |b Transportation Research Board, |c 2015. | |
| 300 | |a 1 online resource (1 volume (various pagings)) : |b color illustrations, color maps | ||
| 336 | |a text |b txt |2 rdacontent | ||
| 337 | |a computer |b c |2 rdamedia | ||
| 338 | |a online resource |b cr |2 rdacarrier | ||
| 490 | 1 | |a NCHRP report, |x 0077-5614 ; |v 800 | |
| 500 | |a Title from content provider. | ||
| 500 | |a At head of title: National Cooperative Highway Research Program. | ||
| 506 | |a Plný text je dostupný pouze z IP adres počítačů Univerzity Tomáše Bati ve Zlíně nebo vzdáleným přístupem pro zaměstnance a studenty | ||
| 520 | |a "TRB's National Cooperative Highway Research Program (NCHRP) Report 800: Successful Practices in GIS-Based Asset Management provides guidance for state transportation agencies on using geographic information system (GIS) technologies in transportation asset management (TAM)."--Publisher's description. | ||
| 504 | |a Includes bibliographical references. | ||
| 505 | 0 | |a chapter 1. Introduction -- chapter 2. Guidance development -- chapter 3. Outreach -- chapter 4. Conclusions -- annex A. Executive guide -- annex B. Implementation guide -- annex C. GIS/TAM workshop presentation slides. | |
| 590 | |a Knovel |b Knovel (All titles) | ||
| 650 | 0 | |a Roads |x Management |x Data processing. | |
| 650 | 0 | |a Roads |x Geographic information systems. | |
| 650 | 0 | |a Road construction industry |x Management |x Data processing. | |
| 655 | 7 | |a elektronické knihy |7 fd186907 |2 czenas | |
| 655 | 9 | |a electronic books |2 eczenas | |
| 700 | 1 | |a Hall, James P., |e author. | |
| 710 | 2 | |a Spy Pond Partners, LLC. | |
| 710 | 2 | |a Transcend Spatial Solutions, LLC. | |
| 710 | 2 | |a National Research Council (U.S.). |b Transportation Research Board, |e issuing body. | |
| 710 | 2 | |a National Cooperative Highway Research Program, |e sponsoring body. | |
| 710 | 2 | |a American Association of State Highway and Transportation Officials, |e sponsoring body. | |
| 710 | 1 | |a United States. |b Federal Highway Administration, |e sponsoring body. | |
| 776 | 0 | 8 | |i Print version: |t Successful practices in GIS-based asset management. |d Washington, D.C. : Transportation Research Board, 2015 |z 9780309308397 |w (OCoLC)905659309 |
| 830 | 0 | |a Report (National Cooperative Highway Research Program) ; |v 800. | |
| 856 | 4 | 0 | |u https://proxy.k.utb.cz/login?url=https://app.knovel.com/hotlink/toc/id:kpSPGISBA5/successful-practices-in?kpromoter=marc |y Full text |